Normal view
MARC view
- Junaid Riaz
Entry Personal Name
001 - CONTROL NUMBER
- control field: 98353
003 - CONTROL NUMBER IDENTIFIER
- control field: NUST
005 - DATE AND TIME OF LATEST TRANSACTION
- control field: 20220823142925.0
008 - FIXED-LENGTH DATA ELEMENTS
- fixed length control field: 220823|| aca||aabn | a|a d
040 ## - CATALOGING SOURCE
- Original cataloging agency: NUST
- Transcribing agency: NUST
100 ## - HEADING--PERSONAL NAME
- Personal name: Junaid Riaz
670 ## - SOURCE DATA FOUND
- Source citation: Work cat.: (NUST)13159: Junaid Riaz, Comparison of hybrid project based learning and traditional learning techniques in computer science courses, 2015
